[Event "TUR-chT 2nd League"]
[Site "Konya"]
[Date "2018.07.16"]
[Round "1.9"]
[White "Aksoz, Ruzgar Bulut"]
[Black "Karsligil, Ahmet Toygun"]
[Result "1-0"]
[WhiteElo "1503"]
[BlackElo "1406"]
[PlyCount "73"]
[EventDate "2018.07.16"]
[EventType "team-swiss"]
[EventRounds "9"]
[EventCountry "TUR"]
[SourceTitle "EXT 2019"]
[Source "ChessBase"]
[SourceDate "2018.10.10"]
[SourceVersion "1"]
[SourceVersionDate "2018.10.10"]
[SourceQuality "1"]
[WhiteTeam "Samandag Altin"]
[BlackTeam "Kahramanmaras Ustad"]
[WhiteTeamCountry "TUR"]
[BlackTeamCountry "TUR"]

1. e4 c5 2. Nc3 Nc6 3. g3 g6 4. Bg2 Bg7 5. Nge2 e6 6. d3 Nge7 7. Be3 Nd4 8. Qd2 Nec6 9. 0-0 0-0 10. a3 d6 11. Rae1 Qb6 12. Rb1 Ne5 13. f3 Bd7 14. h3 f5 15. f4 Nec6 16. g4 fxg4 17. hxg4 Qd8 18. b4 b6 19. b5 Nxe2+ 20. Nxe2 Nd4 21. Bxd4 cxd4 22. e5 Rc8 23. exd6 e5 24. g5 exf4 25. Rxf4 Be5 26. Re4 Bxd6 27. Kh1 Bxa3 28. Rxd4 Be7 29. Bd5+ Kg7 30. Be6 Bxg5 31. Qe1 Rc7 32. Qg3 Qa8+ 33. Kg1 Bxe6 34. Qxc7+ Rf7 35. Qe5+ Bf6 36. Qxe6 Re7 37. Rd7 1-0